[Event "MPJ-Blitz-D12"]
[Site "Katowice"]
[Date "2015.08.08"]
[Round "1.1"]
[White "Szewczyk, Malwina"]
[Black "Jarocka, Liwia"]
[Result "0-1"]
[BlackElo "1510"]
[WhiteElo "1216"]

1. e4 {[%clk 0:03:01]} e5 {[%clk 0:03:03]} 2. Nf3 {[%clk 0:03:01]} Nc6
{[%clk 0:03:05]} 3. Bc4 {[%clk 0:03:01]} Bc5 {[%clk 0:03:06]} 4. b4
{[%clk 0:03:02]} Bxb4 {[%clk 0:03:07]} 5. c3 {[%clk 0:03:03]} Ba5
{[%clk 0:03:08]} 6. d4 {[%clk 0:03:03]} d6 {[%clk 0:03:09]} 7. dxe5
{[%clk 0:02:58]} dxe5 {[%clk 0:03:05]} 8. Qxd8+ {[%clk 0:02:56]} Nxd8
{[%clk 0:03:06]} 9. Nxe5 {[%clk 0:02:55]} Nf6 {[%clk 0:03:04]} 10. Bg5
{[%clk 0:02:48]} Be6 {[%clk 0:02:49]} 11. Bxe6 {[%clk 0:02:38]} fxe6
{[%clk 0:02:50]} 12. Bxf6 {[%clk 0:02:34]} gxf6 {[%clk 0:02:51]} 13. Ng4
{[%clk 0:02:31]} O-O {[%clk 0:02:31]} 14. Nh6+ {[%clk 0:02:29]} Kg7
{[%clk 0:02:31]} 15. Ng4 {[%clk 0:02:28]} Nc6 {[%clk 0:02:28]} 16. O-O
{[%clk 0:02:26]} Rad8 {[%clk 0:02:26]} 17. c4 {[%clk 0:02:24]} Nd4
{[%clk 0:02:23]} 18. Na3 {[%clk 0:02:14]} a6 {[%clk 0:02:10]} 19. Rab1
{[%clk 0:02:12]} b6 {[%clk 0:02:09]} 20. Rbd1 {[%clk 0:02:11]} Rd6
{[%clk 0:01:58]} 21. e5 {[%clk 0:02:04]} fxe5 {[%clk 0:01:55]} 22. c5
{[%clk 0:02:03]} Ne2+ {[%clk 0:01:44]} 23. Kh1 {[%clk 0:01:57]} Rxd1
{[%clk 0:01:42]} 24. Rxd1 {[%clk 0:01:58]} Nc3 {[%clk 0:01:26]} 25. Rd7+
{[%clk 0:01:54]} Rf7 {[%clk 0:01:02]} 26. Rxf7+ {[%clk 0:01:53]} Kxf7
{[%clk 0:01:03]} 27. Nxe5+ {[%clk 0:01:53]} Kf6 {[%clk 0:01:00]} 28. Nd7+
{[%clk 0:01:40]} Ke7 {[%clk 0:01:00]} 29. Ne5 {[%clk 0:01:34]} Nb5
{[%clk 0:00:51]} 30. Nxb5 {[%clk 0:01:30]} axb5 {[%clk 0:00:52]} 31. cxb6
{[%clk 0:01:28]} Bxb6 {[%clk 0:00:53]} 32. Kg1 {[%clk 0:01:25]} Kd6
{[%clk 0:00:48]} 33. Nd3 {[%clk 0:01:23]} e5 {[%clk 0:00:48]} 34. Kf1
{[%clk 0:01:22]} e4 {[%clk 0:00:49]} 35. Nf4 {[%clk 0:01:19]} Ke5
{[%clk 0:00:50]} 36. Ne2 {[%clk 0:01:19]} c5 {[%clk 0:00:51]} 37. Nc3
{[%clk 0:01:18]} b4 {[%clk 0:00:49]} 38. Nb1 {[%clk 0:01:16]} c4 {[%clk 0:00:50]}
39. a3 {[%clk 0:01:10]} b3 {[%clk 0:00:51]} 40. Ke2 {[%clk 0:01:07]} Ba5
{[%clk 0:00:51]} 41. f3 {[%clk 0:01:06]} exf3+ {[%clk 0:00:51]} 42. gxf3
{[%clk 0:01:05]} c3 {[%clk 0:00:49]} 43. Nxc3 {[%clk 0:00:44]} Bxc3
{[%clk 0:00:50]} 44. Kd1 {[%clk 0:00:44]} Kf4 {[%clk 0:00:49]} 45. a4
{[%clk 0:00:42]} Kxf3 {[%clk 0:00:49]} 46. h4 {[%clk 0:00:43]} Kg4
{[%clk 0:00:50]} 47. a5 {[%clk 0:00:43]} Bxa5 {[%clk 0:00:51]} 48. Kc1
{[%clk 0:00:43]} Bc3 {[%clk 0:00:51]} 49. Kb1 {[%clk 0:00:43]} Kxh4
{[%clk 0:00:52]} 50. Kc1 {[%clk 0:00:44]} Kg3 {[%clk 0:00:53]} 51. Kb1 h5 52. Kc1
{[%clk 0:00:42]} h4 {[%clk 0:00:54]} 53. Kd1 {[%clk 0:00:42]} h3 {[%clk 0:00:54]}
54. Kc1 {[%clk 0:00:42]} h2 {[%clk 0:00:55]} 55. Kd1 {[%clk 0:00:42]} Kf3
{[%clk 0:00:56]} 56. Kc1 {[%clk 0:00:38]} h1=Q# {[%clk 0:00:55]} 0-1

[Event "MPJ-Blitz-D12"]
[Site "Katowice"]
[Date "2015.08.08"]
[Round "1.2"]
[White "Harazinska, Magdalena"]
[Black "Vanduyfhuys, Daria"]
[Result "1/2-1/2"]
[BlackElo "1198"]
[WhiteElo "1499"]

1. e4 {[%clk 0:03:03]} c5 {[%clk 0:03:04]} 2. Nf3 {[%clk 0:03:04]} e6
{[%clk 0:03:05]} 3. d4 {[%clk 0:03:05]} cxd4 {[%clk 0:03:06]} 4. Nxd4
{[%clk 0:03:06]} a6 {[%clk 0:03:08]} 5. c4 {[%clk 0:03:05]} Qc7 {[%clk 0:03:09]}
6. Nc3 {[%clk 0:03:04]} Bb4 {[%clk 0:03:11]} 7. Bd2 {[%clk 0:03:03]} Nf6
{[%clk 0:03:10]} 8. Bd3 {[%clk 0:03:01]} O-O {[%clk 0:02:51]} 9. a3
{[%clk 0:03:02]} Bc5 {[%clk 0:02:49]} 10. Nf3 {[%clk 0:02:56]} Nc6
{[%clk 0:02:39]} 11. b4 {[%clk 0:02:57]} Be7 {[%clk 0:02:32]} 12. O-O
{[%clk 0:02:56]} d6 {[%clk 0:02:34]} 13. Re1 {[%clk 0:02:49]} b6 {[%clk 0:02:35]}
14. Be3 {[%clk 0:02:44]} Bb7 {[%clk 0:02:28]} 15. Nd4 {[%clk 0:02:37]} Ne5
{[%clk 0:02:26]} 16. f3 {[%clk 0:02:29]} Nxc4 {[%clk 0:02:16]} 17. Bf2
{[%clk 0:02:16]} Nb2 {[%clk 0:02:16]} 18. Qd2 {[%clk 0:02:14]} Nxd3
{[%clk 0:02:16]} 19. Qxd3 {[%clk 0:02:15]} Rac8 {[%clk 0:02:15]} 20. Rac1
{[%clk 0:02:16]} Qd7 {[%clk 0:02:16]} 21. Nb3 {[%clk 0:02:09]} h6
{[%clk 0:02:12]} 22. Bxb6 {[%clk 0:02:09]} Rc6 {[%clk 0:02:05]} 23. Bf2
{[%clk 0:02:08]} Rfc8 {[%clk 0:02:06]} 24. Na2 {[%clk 0:02:08]} Rxc1
{[%clk 0:02:05]} 25. Rxc1 {[%clk 0:02:08]} d5 {[%clk 0:02:04]} 26. exd5
{[%clk 0:02:07]} Nxd5 {[%clk 0:02:04]} 27. Rxc8+ {[%clk 0:02:04]} Qxc8 28. Bd4
{[%clk 0:01:58]} Bc6 {[%clk 0:02:00]} 29. Nc5 {[%clk 0:01:54]} Bb5
{[%clk 0:01:59]} 30. Qd2 {[%clk 0:01:51]} Bf6 {[%clk 0:01:58]} 31. Bxf6
{[%clk 0:01:49]} Nxf6 {[%clk 0:01:59]} 32. Nc3 {[%clk 0:01:47]} Bc4
{[%clk 0:01:54]} 33. Qd4 {[%clk 0:01:41]} Bd5 {[%clk 0:01:48]} 34. Nxd5
{[%clk 0:01:40]} Nxd5 {[%clk 0:01:48]} 35. Qc4 {[%clk 0:01:35]} Qb8
{[%clk 0:01:46]} 36. Qxa6 {[%clk 0:01:16]} Qe5 {[%clk 0:01:45]} 37. Qf1
{[%clk 0:01:06]} Ne3 {[%clk 0:01:44]} 38. Qc1 {[%clk 0:00:57]} Qd4
{[%clk 0:01:41]} 39. Qb1 {[%clk 0:00:47]} Ng4+ {[%clk 0:01:34]} 40. Kh1
{[%clk 0:00:45]} Nf2+ {[%clk 0:01:28]} 41. Kg1 {[%clk 0:00:46]} Nd1+
{[%clk 0:01:24]} 42. Kh1 {[%clk 0:00:44]} Qd2 {[%clk 0:01:25]} 43. h3
{[%clk 0:00:34]} Qe1+ {[%clk 0:01:24]} 44. Kh2 {[%clk 0:00:35]} Qe5+
{[%clk 0:01:25]} 45. Kh1 {[%clk 0:00:35]} Qe1+ {[%clk 0:01:26]} 46. Kh2
{[%clk 0:00:37]} Qe5+ {[%clk 0:01:27]} 47. Kh1 {[%clk 0:00:38]} Qe1+
{[%clk 0:01:29]} 48. Kh2 {[%clk 0:00:39]} Qe5+ {[%clk 0:01:30]} 1/2-1/2

[Event "MPJ-Blitz-D12"]
[Site "Katowice"]
[Date "2015.08.08"]
[Round "1.3"]
[White "Wiewiora, Dominika"]
[Black "Waszczuk, Patrycja"]
[Result "1-0"]
[BlackElo "1481"]
[WhiteElo "1196"]

1. e4 {[%clk 0:03:02]} e5 {[%clk 0:03:04]} 2. Nf3 {[%clk 0:03:03]} Nc6
{[%clk 0:03:05]} 3. d4 {[%clk 0:03:04]} exd4 {[%clk 0:03:06]} 4. Bc4
{[%clk 0:03:05]} Nf6 {[%clk 0:03:04]} 5. e5 {[%clk 0:03:06]} Ne4 {[%clk 0:02:56]}
6. Bd5 {[%clk 0:03:06]} Nc5 {[%clk 0:02:51]} 7. Bf4 {[%clk 0:02:49]} d6
{[%clk 0:02:37]} 8. Bxc6+ {[%clk 0:02:42]} bxc6 {[%clk 0:02:38]} 9. Nxd4
{[%clk 0:02:35]} dxe5 {[%clk 0:02:36]} 10. Bxe5 {[%clk 0:02:34]} Ne6
{[%clk 0:02:33]} 11. Nc3 {[%clk 0:02:10]} Nxd4 {[%clk 0:02:25]} 12. Bxd4
{[%clk 0:02:10]} Bd6 {[%clk 0:02:19]} 13. Bxg7 {[%clk 0:01:58]} Rg8
{[%clk 0:02:20]} 14. Qe2+ {[%clk 0:01:57]} Qe7 {[%clk 0:02:18]} 15. Bd4
{[%clk 0:01:41]} Qxe2+ {[%clk 0:02:12]} 16. Nxe2 {[%clk 0:01:41]} Rxg2
{[%clk 0:02:13]} 17. Ng3 {[%clk 0:01:42]} Bxg3 {[%clk 0:02:07]} 18. hxg3
{[%clk 0:01:43]} Bg4 {[%clk 0:02:01]} 19. Kf1 {[%clk 0:01:42]} Bf3
{[%clk 0:02:01]} 20. Re1+ {[%clk 0:01:39]} Kd7 {[%clk 0:01:58]} 21. Rxh7
{[%clk 0:01:35]} Rf8 {[%clk 0:01:51]} 22. Bc5 {[%clk 0:01:33]} Rb8
{[%clk 0:01:47]} 23. Rxf7+ {[%clk 0:01:32]} Kc8 {[%clk 0:01:47]} 24. Rxf3
{[%clk 0:01:32]} Rxb2 {[%clk 0:01:44]} 25. Kxg2 {[%clk 0:01:31]} Rxc2
{[%clk 0:01:45]} 26. Rf5 {[%clk 0:01:26]} Rxa2 {[%clk 0:01:45]} 27. g4
{[%clk 0:01:25]} a5 {[%clk 0:01:46]} 28. g5 {[%clk 0:01:25]} a4 {[%clk 0:01:47]}
29. g6 {[%clk 0:01:24]} a3 {[%clk 0:01:49]} 30. Bxa3 {[%clk 0:01:25]} Rxa3
{[%clk 0:01:49]} 31. g7 {[%clk 0:01:26]} c5 {[%clk 0:01:46]} 32. g8=Q+
{[%clk 0:01:24]} Kb7 {[%clk 0:01:48]} 33. Qd5+ {[%clk 0:01:24]} Kb6
{[%clk 0:01:47]} 34. Rf6+ {[%clk 0:01:25]} Kb5 {[%clk 0:01:48]} 35. Rb1+
{[%clk 0:01:26]} Ka5 {[%clk 0:01:45]} 36. Qa8# {[%clk 0:01:26]} 1-0

[Event "MPJ-Blitz-D12"]
[Site "Katowice"]
[Date "2015.08.08"]
[Round "1.5"]
[White "Zalucka, Emilia"]
[Black "Dylag, Emilia"]
[Result "1-0"]
[BlackElo "1454"]
[WhiteElo "1176"]

1. d4 d5 2. Nf3 Nc6 3. e3 Nf6 4. Bd3 e6 5. Nbd2 Be7 6. b3 O-O 7. Bb2 Bd7 8. a3
Bd6 9. O-O Ne7 10. Ne5 Bxe5 11. dxe5 Ne4 12. Nxe4 dxe4 13. Bxe4 Bc6 14. Bxc6 Nxc6
15. f4 f5 16. exf6 gxf6 17. Qg4+ Kh8 18. Qxe6 Qd6 19. Qxd6 cxd6 20. Rad1 Rad8 21.
Rd2 Ne7 22. Rfd1 Nf5 23. e4 Ne3 24. Re1 Ng4 25. h3 Nh6 26. Red1 Ng8 27. Rxd6 Rxd6
28. Rxd6 Kg7 29. e5 h6 30. exf6+ Nxf6 31. Bxf6+ Rxf6 32. Rxf6 Kxf6 33. Kf2 Kf5
34. Kf3 h5 35. g4+ hxg4+ 36. hxg4+ Kg6 37. Ke4 Kf6 38. g5+ Kg6 39. Ke5 b6 40. f5+
Kxg5 41. f6 Kg6 42. Ke6 {[%clk 0:02:13]} Kg5 {[%clk 0:01:23]} 43. f7
{[%clk 0:02:14]} 1-0

[Event "MPJ-Blitz-D12"]
[Site "Katowice"]
[Date "2015.08.08"]
[Round "3.3"]
[White "Bienko, Jagoda"]
[Black "Czarnecka, Lidia"]
[Result "0-1"]
[WhiteElo "1315"]
[BlackElo "1459"]
[PlyCount "104"]
[EventDate "2015.??.??"]
[WhiteClock "0:02:14"]
[BlackClock "0:01:35"]

1. e4 c5 2. Nf3 d6 3. d4 cxd4 4. Nxd4 Nf6 5. Nc3 a6 6. Bg5 e6 7. f4 Be7 8. Qf3
Qc7 9. g4 Nc6 10. Nb3 b6 11. O-O-O Bb7 12. Bxf6 Bxf6 13. g5 Be7 14. h4 Rc8 15.
Kb1 Nb4 16. a3 Nc6 17. f5 Rf8 18. Bh3 Ne5 19. Qe2 Nc4 20. Qd3 Nxa3+ 21. bxa3
Qxc3 22. Qxc3 Rxc3 23. fxe6 fxe6 24. Bxe6 Bxe4 25. Rd2 Bxh1 26. Kb2 Rcf3 27.
Bg4 R3f4 28. Bh5+ g6 29. Be2 Bb7 30. Rd1 Bf3 31. Bxf3 Rxf3 32. Re1 R3f4 33. Nd2
Rxh4 34. Ne4 Kd7 35. Re2 Rg4 36. Nc3 Rxg5 37. Re4 Re5 38. Rb4 Kc7 39. Rd4 Bf6
40. Rc4+ Rc5 41. Rxc5+ dxc5 42. Kb3 Bxc3 43. Kxc3 g5 44. a4 g4 45. a5 bxa5 46.
Kc4 g3 47. Kxc5 g2 48. Kc4 g1=Q 49. Kb3 Rb8+ 50. Ka4 Qd4+ 51. Kxa5 Qb4+ 52.
Kxa6 Qb6# 0-1

[Event "MPJ-Blitz-D12"]
[Site "Katowice"]
[Date "2015.08.08"]
[Round "3.5"]
[White "Tarka, Aleksandra"]
[Black "Adamczyk, Zuzanna"]
[Result "1/2-1/2"]
[BlackElo "1394"]
[WhiteElo "1311"]

1. d4 d5 2. Nf3 Nf6 3. Bf4 e6 4. e3 Be7 5. h3 Nbd7 6. Bd3 b6 7. Nbd2 Bb7 8. Ne5
Nxe5 9. dxe5 Ne4 10. O-O Nxd2 11. Qxd2 O-O 12. g4 Bg5 13. Bg3 Bh4 14. Bf4 Bg5 15.
Bh2 d4 16. f4 dxe3 17. Qxe3 Qd5 18. Be4 Qxe4 19. Qxe4 Bxe4 20. fxg5 Bxc2 21. Rfc1
Be4 22. Rxc7 Rfc8 23. Rac1 Rxc7 24. Rxc7 Bd5 25. a3 Kf8 26. Kf2 a5 27. Ke3 Rd8
28. Bf4 Ke8 29. Kf2 Kf8 30. Be3 b5 31. Bb6 Ra8 32. Bc5+ Kg8 33. Bb6 Kf8 34. Bc5+
Kg8 35. Bb6 Kf8 1/2-1/2

[Event "MPJ-Blitz-D12"]
[Site "Katowice"]
[Date "2015.08.08"]
[Round "6.1"]
[White "Jarocka, Liwia"]
[Black "Czarniecka, Aleksandra"]
[Result "1-0"]
[BlackElo "1350"]
[WhiteElo "1510"]

1. e4 {[%clk 0:03:03]} e5 {[%clk 0:03:04]} 2. Nf3 {[%clk 0:03:05]} Nc6
{[%clk 0:03:05]} 3. Bb5 a6 4. Ba4 {[%clk 0:03:08]} Nf6 {[%clk 0:03:08]} 5. O-O
Be7 6. Re1 b5 7. Bb3 {[%clk 0:03:11]} d6 {[%clk 0:03:12]} 8. h3 {[%clk 0:03:12]}
Na5 {[%clk 0:03:13]} 9. c3 {[%clk 0:03:03]} Nxb3 10. Qxb3 {[%clk 0:03:04]} O-O
{[%clk 0:03:14]} 11. Qd1 {[%clk 0:03:04]} Bb7 {[%clk 0:03:15]} 12. d3
{[%clk 0:03:01]} Re8 {[%clk 0:03:16]} 13. Nbd2 {[%clk 0:03:02]} Bf8
{[%clk 0:03:16]} 14. Nf1 {[%clk 0:03:03]} g6 {[%clk 0:03:17]} 15. Ng3
{[%clk 0:03:04]} Bg7 {[%clk 0:03:18]} 16. Be3 {[%clk 0:03:00]} c5
{[%clk 0:03:17]} 17. Qc2 {[%clk 0:03:00]} Qd7 {[%clk 0:03:13]} 18. Rac1
{[%clk 0:02:55]} Rac8 {[%clk 0:03:14]} 19. Qd2 {[%clk 0:02:56]} c4
{[%clk 0:03:07]} 20. Red1 {[%clk 0:02:35]} cxd3 {[%clk 0:03:05]} 21. Qxd3
{[%clk 0:02:36]} Rcd8 {[%clk 0:02:53]} 22. Bb6 {[%clk 0:02:36]} Rc8
{[%clk 0:02:47]} 23. Qxd6 {[%clk 0:02:20]} Qxd6 {[%clk 0:02:47]} 24. Rxd6
{[%clk 0:02:21]} Nxe4 {[%clk 0:02:45]} 25. Nxe4 {[%clk 0:02:22]} Bxe4
{[%clk 0:02:46]} 26. Rcd1 {[%clk 0:02:13]} Bxf3 {[%clk 0:02:47]} 27. gxf3
{[%clk 0:02:15]} f5 {[%clk 0:02:39]} 28. Ba5 {[%clk 0:02:12]} Ra8
{[%clk 0:02:32]} 29. Rd7 {[%clk 0:02:09]} Bf6 {[%clk 0:02:25]} 30. R1d6
{[%clk 0:02:08]} Be7 {[%clk 0:02:11]} 31. Re6 {[%clk 0:02:07]} Bf8
{[%clk 0:02:06]} 32. Rxe8 {[%clk 0:02:07]} Rxe8 {[%clk 0:02:06]} 33. Ra7
{[%clk 0:02:08]} Re6 {[%clk 0:02:07]} 34. Kf1 {[%clk 0:02:00]} Be7
{[%clk 0:01:48]} 35. Ke2 {[%clk 0:01:57]} h6 {[%clk 0:01:46]} 36. Kf1
{[%clk 0:01:56]} Bc5 {[%clk 0:01:44]} 37. Rc7 {[%clk 0:01:51]} Be7
{[%clk 0:01:38]} 38. Ra7 {[%clk 0:01:51]} Kf7 {[%clk 0:01:32]} 39. Bb4
{[%clk 0:01:52]} Kf6 {[%clk 0:01:33]} 40. Bxe7+ {[%clk 0:01:49]} Rxe7
{[%clk 0:01:34]} 41. Rxa6+ {[%clk 0:01:50]} Kf7 {[%clk 0:01:24]} 42. Rb6
{[%clk 0:01:51]} Ra7 {[%clk 0:01:25]} 43. a3 {[%clk 0:01:42]} Ra5
{[%clk 0:01:26]} 44. Ke2 {[%clk 0:01:41]} h5 {[%clk 0:01:23]} 45. h4
{[%clk 0:01:41]} Kg7 {[%clk 0:01:17]} 46. Kd3 {[%clk 0:01:41]} Kf7
{[%clk 0:01:16]} 47. Kc2 {[%clk 0:01:30]} Kg7 {[%clk 0:01:02]} 48. Kb3
{[%clk 0:01:31]} Kf7 {[%clk 0:00:57]} 49. Kb4 {[%clk 0:01:31]} Ra4+
{[%clk 0:00:59]} 50. Kxb5 {[%clk 0:01:30]} Rxh4 {[%clk 0:00:59]} 51. a4
{[%clk 0:01:29]} Rh1 {[%clk 0:00:56]} 52. a5 {[%clk 0:01:27]} Rb1
{[%clk 0:00:57]} 53. b4 {[%clk 0:01:28]} h4 {[%clk 0:00:57]} 54. a6
{[%clk 0:01:29]} h3 {[%clk 0:00:58]} 55. a7 {[%clk 0:01:28]} Ra1 {[%clk 0:00:59]}
56. Rb7+ {[%clk 0:01:26]} Kf6 {[%clk 0:00:58]} 57. Rh7 {[%clk 0:01:26]} h2
{[%clk 0:00:56]} 58. Kb6 {[%clk 0:01:19]} g5 {[%clk 0:00:37]} 59. Kb7
{[%clk 0:01:17]} g4 {[%clk 0:00:38]} 60. a8=Q {[%clk 0:01:10]} Rxa8
{[%clk 0:00:39]} 61. Kxa8 {[%clk 0:01:11]} gxf3 {[%clk 0:00:38]} 62. Rxh2
{[%clk 0:01:11]} e4 {[%clk 0:00:39]} 63. b5 {[%clk 0:01:10]} f4 {[%clk 0:00:40]}
64. Rh4 {[%clk 0:00:49]} Kg5 {[%clk 0:00:41]} 65. Rh1 {[%clk 0:00:45]} e3
{[%clk 0:00:42]} 66. fxe3 {[%clk 0:00:45]} fxe3 {[%clk 0:00:43]} 67. b6
{[%clk 0:00:47]} f2 {[%clk 0:00:44]} 68. b7 {[%clk 0:00:48]} e2 {[%clk 0:00:43]}
69. b8=Q {[%clk 0:00:47]} e1=Q {[%clk 0:00:44]} 70. Qg8+ {[%clk 0:00:45]} Kf4
{[%clk 0:00:44]} 71. Qf7+ {[%clk 0:00:44]} Ke3 {[%clk 0:00:40]} 72. Qe7+
{[%clk 0:00:45]} Kd2 {[%clk 0:00:40]} 73. Rxe1 fxe1=Q {[%clk 0:00:40]} 74. Qxe1+
{[%clk 0:00:40]} Kxe1 {[%clk 0:00:41]} 75. c4 {[%clk 0:00:42]} Kd2
{[%clk 0:00:41]} 76. c5 Kd3 77. c6 {[%clk 0:00:45]} Kd4 {[%clk 0:00:44]} 78. c7
{[%clk 0:00:46]} Kd5 {[%clk 0:00:46]} 79. c8=Q {[%clk 0:00:46]} Kd6
{[%clk 0:00:47]} 80. Qc1 Kd5 81. Kb7 {[%clk 0:00:47]} Kd4 {[%clk 0:00:50]} 82.
Kb6 {[%clk 0:00:49]} Kd3 {[%clk 0:00:52]} 83. Kb5 {[%clk 0:00:50]} Kd4
{[%clk 0:00:53]} 84. Qd2+ {[%clk 0:00:51]} Ke5 {[%clk 0:00:54]} 85. Qd3
{[%clk 0:00:52]} Ke6 {[%clk 0:00:55]} 86. Qd4 {[%clk 0:00:53]} Ke7
{[%clk 0:00:57]} 87. Qd5 Ke8 88. Qb7 {[%clk 0:00:56]} Kf8 {[%clk 0:00:59]} 89.
Kc5 {[%clk 0:00:57]} Ke8 {[%clk 0:01:00]} 90. Kd6 {[%clk 0:00:58]} Kf8
{[%clk 0:01:02]} 91. Ke6 Kg8 92. Kf6 {[%clk 0:01:01]} Kf8 {[%clk 0:01:05]} 93.
Qb8# {[%clk 0:01:02]} 1-0

[Event "MPJ-Blitz-D12"]
[Site "Katowice"]
[Date "2015.08.08"]
[Round "6.2"]
[White "Waszczuk, Patrycja"]
[Black "Zarebska, Lena"]
[Result "1-0"]
[BlackElo "1268"]
[WhiteElo "1481"]

1. e4 {[%clk 0:03:02]} c5 {[%clk 0:03:05]} 2. Nf3 {[%clk 0:03:03]} Nc6
{[%clk 0:03:06]} 3. d4 {[%clk 0:03:04]} cxd4 {[%clk 0:03:08]} 4. Nxd4
{[%clk 0:03:05]} g6 {[%clk 0:03:09]} 5. Nc3 {[%clk 0:03:06]} Bg7 {[%clk 0:03:10]}
6. Be3 {[%clk 0:03:07]} Nf6 {[%clk 0:03:11]} 7. Nxc6 {[%clk 0:03:08]} bxc6
{[%clk 0:03:12]} 8. e5 {[%clk 0:03:09]} Nd5 {[%clk 0:03:13]} 9. Nxd5
{[%clk 0:03:10]} cxd5 {[%clk 0:03:14]} 10. Bd4 {[%clk 0:03:06]} O-O
{[%clk 0:03:10]} 11. Be2 {[%clk 0:03:05]} Rb8 {[%clk 0:03:08]} 12. O-O
{[%clk 0:03:04]} Qa5 {[%clk 0:03:07]} 13. Bc3 {[%clk 0:02:58]} Qb6
{[%clk 0:03:04]} 14. Qxd5 {[%clk 0:02:55]} Rd8 {[%clk 0:02:58]} 15. Qb3
{[%clk 0:02:51]} Qc7 {[%clk 0:02:53]} 16. Qa4 {[%clk 0:02:48]} Bxe5
{[%clk 0:02:42]} 17. Ba5 {[%clk 0:02:49]} Bxh2+ {[%clk 0:02:37]} 18. Kh1
{[%clk 0:02:50]} Qe5 {[%clk 0:02:34]} 19. Bxd8 {[%clk 0:02:45]} Rxb2
{[%clk 0:02:31]} 20. Bf3 {[%clk 0:02:37]} Bf4 {[%clk 0:02:20]} 21. Qe4
{[%clk 0:02:28]} Qf6 {[%clk 0:02:16]} 22. Bxe7 {[%clk 0:02:25]} Qb6 23. Qxf4
{[%clk 0:02:24]} Rxc2 {[%clk 0:02:09]} 24. Rab1 {[%clk 0:02:13]} Qe6
{[%clk 0:02:07]} 25. Rfe1 {[%clk 0:02:12]} Qxa2 {[%clk 0:02:03]} 26. Bf6
{[%clk 0:02:10]} Qa3 {[%clk 0:01:58]} 27. Re8+ {[%clk 0:02:10]} Qf8
{[%clk 0:02:00]} 28. Rxf8+ {[%clk 0:02:10]} 1-0

[Event "MPJ-Blitz-D12"]
[Site "Katowice"]
[Date "2015.08.08"]
[Round "6.3"]
[White "Dylag, Emilia"]
[Black "Malicka, Maria"]
[Result "0-1"]
[BlackElo "1365"]
[WhiteElo "1454"]

1. d4 {[%clk 0:03:03]} Nf6 {[%clk 0:03:02]} 2. Nf3 {[%clk 0:03:04]} d5
{[%clk 0:03:00]} 3. e3 {[%clk 0:03:05]} e6 {[%clk 0:03:00]} 4. Bd3
{[%clk 0:03:06]} c5 {[%clk 0:03:02]} 5. b3 {[%clk 0:03:07]} cxd4 {[%clk 0:03:01]}
6. exd4 {[%clk 0:03:08]} Bd6 {[%clk 0:03:00]} 7. Nbd2 {[%clk 0:03:08]} b6
{[%clk 0:03:00]} 8. Bb2 {[%clk 0:03:08]} Bb7 {[%clk 0:03:01]} 9. O-O
{[%clk 0:03:07]} O-O {[%clk 0:03:02]} 10. Qe2 {[%clk 0:02:59]} Qe7
{[%clk 0:02:55]} 11. Ne5 {[%clk 0:02:58]} Nbd7 {[%clk 0:02:53]} 12. f4
{[%clk 0:02:57]} Rac8 {[%clk 0:02:49]} 13. Rf3 {[%clk 0:02:46]} Ne8
{[%clk 0:02:39]} 14. Rh3 {[%clk 0:02:42]} h6 {[%clk 0:02:36]} 15. Qg4
{[%clk 0:02:19]} Nef6 {[%clk 0:02:32]} 16. Qg3 {[%clk 0:02:12]} Kh8
{[%clk 0:02:29]} 17. f5 {[%clk 0:02:04]} Bxe5 {[%clk 0:02:00]} 18. dxe5
{[%clk 0:02:02]} Ne4 {[%clk 0:01:56]} 19. Bxe4 {[%clk 0:02:00]} dxe4
{[%clk 0:01:57]} 20. f6 {[%clk 0:01:55]} Qc5+ {[%clk 0:01:43]} 21. Kh1
{[%clk 0:01:56]} Rg8 {[%clk 0:01:09]} 22. Qf4 {[%clk 0:01:24]} Nf8
{[%clk 0:00:46]} 23. fxg7+ {[%clk 0:01:24]} Rxg7 {[%clk 0:00:43]} 24. Qxh6+
{[%clk 0:01:03]} Rh7 {[%clk 0:00:43]} 25. Qf6+ {[%clk 0:01:02]} Kg8
{[%clk 0:00:37]} 26. Rxh7 {[%clk 0:00:59]} Nxh7 {[%clk 0:00:37]} 27. Rf1
{[%clk 0:00:36]} Nxf6 {[%clk 0:00:18]} 28. exf6 {[%clk 0:00:31]} Qxc2
{[%clk 0:00:18]} 0-1

[Event "MPJ-Blitz-D12"]
[Site "Katowice"]
[Date "2015.08.08"]
[Round "6.4"]
[White "Bienko, Jagoda"]
[Black "Harazinska, Magdalena"]
[Result "0-1"]
[BlackElo "1499"]
[WhiteElo "1315"]

1. d4 {[%clk 0:03:02]} Nf6 {[%clk 0:03:04]} 2. c4 {[%clk 0:03:03]} c5
{[%clk 0:03:05]} 3. d5 {[%clk 0:03:02]} e6 {[%clk 0:03:07]} 4. Nc3
{[%clk 0:03:01]} exd5 {[%clk 0:03:08]} 5. cxd5 d6 6. e4 {[%clk 0:03:01]} g6
{[%clk 0:03:10]} 7. Nf3 a6 {[%clk 0:03:13]} 8. Qc2 {[%clk 0:02:59]} b5 9. a3
{[%clk 0:02:54]} Bg7 {[%clk 0:03:13]} 10. Rb1 {[%clk 0:02:51]} O-O
{[%clk 0:03:13]} 11. Be2 {[%clk 0:02:51]} Nfd7 {[%clk 0:03:07]} 12. O-O
{[%clk 0:02:50]} Ne5 {[%clk 0:03:08]} 13. Bf4 {[%clk 0:02:45]} Nbd7
{[%clk 0:03:07]} 14. Nxe5 {[%clk 0:02:39]} Nxe5 {[%clk 0:03:07]} 15. Bg3
{[%clk 0:02:35]} f5 {[%clk 0:03:02]} 16. f3 {[%clk 0:02:28]} Rb8 {[%clk 0:02:44]}
17. Nd1 {[%clk 0:02:24]} Qb6 {[%clk 0:02:37]} 18. Kh1 {[%clk 0:02:24]} Bd7
{[%clk 0:02:30]} 19. Nf2 {[%clk 0:02:06]} f4 {[%clk 0:02:13]} 20. Bh4
{[%clk 0:01:56]} h6 {[%clk 0:02:13]} 21. Nd3 {[%clk 0:01:54]} g5 {[%clk 0:02:13]}
22. Nxe5 {[%clk 0:01:53]} Bxe5 {[%clk 0:02:14]} 23. Bf2 {[%clk 0:01:53]} Qc7
{[%clk 0:02:11]} 24. Rbc1 {[%clk 0:01:49]} Kh7 {[%clk 0:01:57]} 25. Bd3
{[%clk 0:01:30]} Qd8 {[%clk 0:01:55]} 26. Be1 {[%clk 0:01:23]} Bd4
{[%clk 0:01:50]} 27. Bf2 {[%clk 0:01:20]} Be5 {[%clk 0:01:49]} 28. Be1
{[%clk 0:01:20]} Qf6 {[%clk 0:01:41]} 29. Bc3 {[%clk 0:01:15]} Rbe8
{[%clk 0:01:42]} 30. b3 {[%clk 0:01:01]} Rg8 {[%clk 0:01:34]} 31. Qb2
{[%clk 0:00:48]} g4 {[%clk 0:01:16]} 32. Be2 {[%clk 0:00:44]} g3 {[%clk 0:01:15]}
33. h3 {[%clk 0:00:39]} Qh4 {[%clk 0:01:16]} 34. Bd1 {[%clk 0:00:12]} Bxh3
{[%clk 0:01:09]} 35. gxh3 {[%clk 0:00:12]} Qxh3+ {[%clk 0:01:09]} 36. Kg1
{[%clk 0:00:13]} g2 {[%clk 0:01:10]} 37. Re1 {[%clk 0:00:03]} Qh1+
{[%clk 0:01:11]} 38. Kf2 {[%clk 0:00:04]} g1=Q+ {[%clk 0:01:11]} 39. Rxg1
{[%clk 0:00:03]} Qxg1+ {[%clk 0:01:12]} 40. Ke2 {[%clk 0:00:05]} Rg2+
{[%clk 0:01:10]} 41. Kd3 {[%clk 0:00:05]} Qe3# {[%clk 0:01:11]} 0-1

[Event "MPJ-Blitz-D12"]
[Site "Katowice"]
[Date "2015.08.08"]
[Round "6.5"]
[White "Tarka, Aleksandra"]
[Black "Czarnecka, Lidia"]
[Result "1/2-1/2"]
[BlackElo "1459"]
[WhiteElo "1311"]

1. d4 d5 2. Nf3 e6 3. Bg5 Be7 4. Bxe7 Nxe7 5. e3 O-O 6. Bd3 Nd7 7. c3 Nf6 8. Ne5
c6 9. f4 Qc7 10. Qc2 c5 11. b3 Ng6 12. Nd2 b6 13. h4 Nxe5 14. fxe5 Ne4 15. Nxe4
dxe4 16. Bxe4 Bb7 17. Bxh7+ Kh8 18. Be4 Bxe4 19. Qxe4 cxd4 20. Qxd4 Rfd8 21. Qc4
Qxe5 22. Ke2 Rac8 23. Qb4 Rxc3 24. Qf4 Rc2+ 25. Kf3 Qd5+ 26. Qe4 Rf2+ 27. Kxf2
Qxe4 28. Rad1 Rxd1 29. Rxd1 Qxh4+ 30. g3 Qh2+ 31. Kf3 Qxa2 32. Rd8+ Kh7 33. g4
Qxb3 34. Ra8 Qd5+ 1/2-1/2